[Event "3rd FIDE WCCC Rapid U12 2019"]
[Site "Minsk"]
[Date "2019.08.16"]
[Round "4.4"]
[White "Chung, Ethan Cheung Jing"]
[Black "Ponomarev, Vsevolod"]
[Result "0-1"]
[WhiteElo "1656"]
[BlackElo "1980"]
[Annotator "NA"]
[PlyCount "94"]
[EventDate "2019.08.16"]
[EventType "swiss"]
[EventCountry "BLR"]
[SourceTitle "playchess.com"]
[Source "ChessBase"]
[SourceQuality "1"]
[TimeControl "600+5"]

1. e4 {[%emt 0:00:00]} c5 {[%emt 0:00:00]} 2. d4 {[%emt 0:00:00]} cxd4 {[%emt 0:00:01]} 3. c3 {[%emt 0:00:00]} dxc3 {[%emt 0:00:04]} 4. Nxc3 {[%emt 0:00:00]} d6 {[%emt 0:00:10]} 5. Nf3 {[%emt 0:00:01]} Nf6 {[%emt 0:00:03]} 6. Bc4 {[%emt 0:00:01]} e6 {[%emt 0:00:15]} 7. O-O {[%emt 0:00:03]} Be7 {[%emt 0:00:05]} 8. Qe2 {[%emt 0:00:03]} O-O {[%emt 0:00:34]} 9. Rd1 {[%emt 0:00:01]} Qa5 {[%emt 0:00:02]} 10. Bf4 {[%emt 0:00:14]} Rd8 {[%emt 0:00:51]} 11. a3 {[%emt 0:00:07]} Nc6 {[%emt 0:00:19]} 12. b4 {[%emt 0:01:03]} Qh5 {[%emt 0:00:02]} 13. h3 {[%emt 0:00:13]} e5 {[%emt 0:00:42]} 14. Bg3 {[%emt 0:00:08]} Bf8 {[%emt 0:02:08]} 15. Nd5 {[%emt 0:01:13]} Nxd5 {[%emt 0:00:17]} 16. Bxd5 {[%emt 0:00:04]} Ne7 {[%emt 0:00:28]} 17. Rac1 {[%emt 0:00:34]} Nxd5 {[%emt 0:00:17]} 18. Rxd5 {[%emt 0:00:03]} Be6 {[%emt 0:00:02]} 19. Rd2 {[%emt 0:00:10]} Rac8 {[%emt 0:00:09]} 20. Rcd1 {[%emt 0:00:39]} Be7 {[%emt 0:00:43]} 21. Qb5 {[%emt 0:00:26]} b6 {[%emt 0:01:17]} 22. Qa4 {[%emt 0:00:26]} Rd7 {[%emt 0:00:54]} 23. Nxe5 {[%emt 0:01:08]} Rdc7 {[%emt 0:00:18]} 24. Nf3 {[%emt 0:00:41]} h6 {[%emt 0:00:37]} 25. Bxd6 Bxd6 {[%emt 0:00:01]} 26. Rxd6 {[%emt 0:00:25]} b5 {[%emt 0:00:51]} 27. Qa5 {[%emt 0:00:24]} Bxh3 {[%emt 0:00:24]} 28. Rd8+ {[%emt 0:01:07]} Kh7 {[%emt 0:00:01]} 29. R8d5 {[%emt 0:00:24]} Qg6 {[%emt 0:00:11]} 30. Ne1 {[%emt 0:00:40]} Be6 {[%emt 0:00:16]} 31. R5d4 {[%emt 0:00:21]} Rc1 {[%emt 0:00:10]} 32. Qxb5 {[%emt 0:00:12]} Bb3 {[%emt 0:00:10]} 33. Rxc1 {[%emt 0:00:13]} Rxc1 {[%emt 0:00:01]} 34. Qe2 {[%emt 0:00:10]} Qc6 {[%emt 0:00:07]} 35. g3 {[%emt 0:00:18]} Qc3 {[%emt 0:00:01]} 36. Rd2 {[%emt 0:00:06]} Bc4 {[%emt 0:00:01]} 37. Qe3 {[%emt 0:00:54]} Qxe3 {[%emt 0:00:01]} 38. fxe3 {[%emt 0:00:01]} Rxe1+ {[%emt 0:00:01]} 39. Kf2 {[%emt 0:00:02]} Ra1 {[%emt 0:00:06]} 40. Rc2 {[%emt 0:00:05]} Bd3 {[%emt 0:00:04]} 41. Rc3 {[%emt 0:00:00]} Bxe4 {[%emt 0:00:01]} 42. Ke2 {[%emt 0:00:01]} Ra2+ {[%emt 0:00:04]} 43. Kf1 {[%emt 0:00:01]} Kg6 {[%emt 0:00:05]} 44. Rb3 {[%emt 0:00:01]} Kf5 {[%emt 0:00:12]} 45. b5 {[%emt 0:00:04]} Ke5 {[%emt 0:00:09]} 46. Ke1 {[%emt 0:00:02]} f5 {[%emt 0:00:06]} 47. Kd1 {[%emt 0:00:06]} Bc2+ {[%emt 0:00:01]} 0-1

[Event "3rd FIDE WCCC Rapid U12 2019"]
[Site "Minsk"]
[Date "2019.08.16"]
[Round "4.5"]
[White "Kopylov, Artem"]
[Black "Sahib Singh"]
[Result "0-1"]
[WhiteElo "1901"]
[BlackElo "1556"]
[Annotator "NA"]
[PlyCount "60"]
[EventDate "2019.08.16"]
[EventType "swiss"]
[EventCountry "BLR"]
[SourceTitle "playchess.com"]
[Source "ChessBase"]
[SourceQuality "1"]
[TimeControl "600+5"]

1. d4 {[%emt 0:00:00]} d5 {[%emt 0:00:00]} 2. c4 {[%emt 0:00:00]} e6 {[%emt 0:00:00]} 3. Nf3 {[%emt 0:00:00]} Nf6 {[%emt 0:00:00]} 4. g3 {[%emt 0:00:00]} dxc4 {[%emt 0:00:01]} 5. Bg2 {[%emt 0:00:02]} Nc6 {[%emt 0:00:04]} 6. O-O {[%emt 0:00:06]} Bd7 {[%emt 0:00:15]} 7. Qc2 {[%emt 0:00:36]} b5 {[%emt 0:00:30]} 8. a3 {[%emt 0:01:32]} Be7 {[%emt 0:00:29]} 9. Nc3 {[%emt 0:00:24]} Rb8 {[%emt 0:00:05]} 10. Rd1 {[%emt 0:01:05]} O-O {[%emt 0:00:39]} 11. Ne5 {[%emt 0:00:46]} Qe8 {[%emt 0:01:05]} 12. Bf4 {[%emt 0:00:14]} Bd6 {[%emt 0:00:59]} 13. e4 {[%emt 0:00:42]} Bxe5 {[%emt 0:00:26]} 14. dxe5 {[%emt 0:00:09]} Ng4 {[%emt 0:00:16]} 15. a4 {[%emt 0:00:42]} a6 {[%emt 0:00:15]} 16. axb5 {[%emt 0:00:47]} axb5 {[%emt 0:00:01]} 17. Qd2 {[%emt 0:00:24]} Ngxe5 {[%emt 0:00:08]} 18. Bxe5 {[%emt 0:00:05]} Nxe5 {[%emt 0:00:01]} 19. Ra7 {[%emt 0:00:01]} Qc8 {[%emt 0:00:10]} 20. Qf4 {[%emt 0:00:48]} f6 {[%emt 0:00:07]} 21. Qe3 {[%emt 0:01:11]} Ra8 {[%emt 0:01:31]} 22. Rxa8 {[%emt 0:00:15]} Qxa8 {[%emt 0:00:01]} 23. Qc5 {[%emt 0:00:20]} Qc6 {[%emt 0:00:15]} 24. Qe3 {[%emt 0:00:30]} Rd8 {[%emt 0:00:43]} 25. f4 {[%emt 0:00:01]} Ng4 {[%emt 0:00:01]} 26. Qd4 {[%emt 0:00:21]} e5 {[%emt 0:00:06]} 27. Qd5+ {[%emt 0:00:16]} Qxd5 28. Rxd5 {[%emt 0:00:02]} Ne3 {[%emt 0:00:14]} 29. Rd2 {[%emt 0:00:02]} Nxg2 30. Kxg2 {[%emt 0:00:01]} Bh3+ {[%emt 0:00:03]} 0-1

[Event "3rd FIDE WCCC Rapid U12 2019"]
[Site "Minsk"]
[Date "2019.08.16"]
[Round "4.6"]
[White "Khubukshanov, Erdem"]
[Black "Sheremetev, Vladislav"]
[Result "1-0"]
[WhiteElo "2257"]
[BlackElo "1634"]
[Annotator "TA"]
[PlyCount "65"]
[EventDate "2019.08.16"]
[EventType "swiss"]
[EventCountry "BLR"]
[SourceTitle "playchess.com"]
[Source "ChessBase"]
[SourceQuality "1"]

{[%evp 9,65,26,28,18,25,24,41,41,44,37,38,25,34,20,27,0,19,-8,16,-5,7,5,25,0,1,0,0,-12,7,9,53,54,50,58,97,79,185,89,73,66,69,47,175,175,169,171,188,72,462,468,472,455,461,454,452,427,29996,29997]} 1. e4 d5 2. exd5 Qxd5 3. Nc3 Qd8 4. Nf3 Bg4 5. Bc4 e6 $1 6. O-O {B01: Scandinavian Defence} Nf6 7. h3 Bxf3 8. Qxf3 {White is slightly better.} ({Much worse is} 8. gxf3 Nc6 $15) 8... c6 9. Re1 Be7 10. d3 Nbd7 11. Qg3 $146 ({Predecessor:} 11. Bf4 O-O {0-1 (90) Bouzidi,A (2161)-Radlovacki,J (2423) Budapest 2013}) 11... O-O 12. Bd2 Re8 13. Ne2 Nb6 14. Bb3 (14. Bh6 {feels hotter.} Nh5 15. Qg4 g6 16. Bb3 a5 17. a4) 14... Bd6 15. Qf3 Qc7 16. Bg5 Nbd7 17. d4 e5 18. dxe5 Nxe5 19. Qf5 Qd7 20. Ng3 Qxf5 21. Nxf5 Bc7 22. Rad1 {And now Bxf6 would win.} Rad8 {[#]} (22... Ned7 $16) 23. Rxd8 (23. Bxf6 $1 $18 gxf6 24. f4) 23... Rxd8 $16 24. Kf1 Kf8 25. Be3 a6 (25... Ne4 $14) 26. Bc5+ $18 Kg8 {[#]} 27. Be7 $1 $36 {[%cal Re7d8][%mdl 2048] White has strong initiative.} Rb8 28. Nd6 (28. Bd6 $18 Bxd6 29. Nxd6) 28... Nfd7 $2 {[%mdl 8192]} (28... Ne8 $16 {is a better chance.}) 29. f4 Ng6 30. Nxf7 Nxe7 31. Rxe7 Bxf4 32. Rxd7 g6 (32... b5 $18 33. Ne5+ Kh8 34. Nxc6 Rf8) 33. Ng5+ {[%mdl 64] Discovered Attack. Accuracy: White = 37%, Black = 38%.} 1-0

[Event "3rd FIDE WCCC Rapid U12 2019"]
[Site "Minsk"]
[Date "2019.08.17"]
[Round "5.1"]
[White "Cherniaiev, Tykhon"]
[Black "Sidletskyi, Ivan"]
[Result "1-0"]
[WhiteElo "2112"]
[BlackElo "1986"]
[Annotator "NA"]
[PlyCount "67"]
[EventDate "2019.08.16"]
[EventType "swiss"]
[EventCountry "BLR"]
[SourceTitle "playchess.com"]
[Source "ChessBase"]
[SourceQuality "1"]
[TimeControl "600+5"]

1. e4 {[%emt 0:00:00]} c5 {[%emt 0:00:00]} 2. Nc3 {[%emt 0:00:07]} Nc6 {[%emt 0:00:00]} 3. Bb5 {[%emt 0:00:04]} Nd4 {[%emt 0:00:00]} 4. Nf3 {[%emt 0:00:02]} g6 {[%emt 0:00:37]} 5. Nxd4 {[%emt 0:01:04]} cxd4 {[%emt 0:00:03]} 6. Ne2 {[%emt 0:00:02]} Bg7 {[%emt 0:00:10]} 7. O-O {[%emt 0:00:06]} a6 {[%emt 0:00:39]} 8. Ba4 {[%emt 0:00:12]} e6 {[%emt 0:00:26]} 9. d3 {[%emt 0:00:17]} Ne7 {[%emt 0:00:57]} 10. Qe1 {[%emt 0:00:50]} O-O {[%emt 0:00:52]} 11. f3 {[%emt 0:00:36]} b5 {[%emt 0:00:11]} 12. Bb3 {[%emt 0:00:02]} d5 {[%emt 0:00:53]} 13. Qh4 {[%emt 0:00:41]} Nc6 {[%emt 0:02:19]} 14. Bg5 {[%emt 0:00:18]} f6 {[%emt 0:00:27]} 15. Bh6 {[%emt 0:00:16]} Ne7 {[%emt 0:00:13]} 16. Bxg7 {[%emt 0:00:40]} Kxg7 {[%emt 0:00:01]} 17. Nxd4 {[%emt 0:00:18]} g5 {[%emt 0:01:00]} 18. Qf2 {[%emt 0:01:21]} Qd6 {[%emt 0:00:07]} 19. c3 {[%emt 0:00:53]} e5 {[%emt 0:00:18]} 20. Nc2 {[%emt 0:00:18]} a5 {[%emt 0:00:15]} 21. a3 {[%emt 0:00:15]} Be6 {[%emt 0:00:19]} 22. Rad1 {[%emt 0:00:23]} Qc7 {[%emt 0:00:41]} 23. d4 {[%emt 0:00:16]} Rad8 {[%emt 0:00:24]} 24. dxe5 {[%emt 0:00:05]} fxe5 {[%emt 0:00:11]} 25. Ne3 {[%emt 0:00:14]} Qd6 {[%emt 0:00:46]} 26. Qg3 {[%emt 0:00:47]} h6 {[%emt 0:00:10]} 27. Bxd5 {[%emt 0:00:14]} Bxd5 {[%emt 0:00:06]} 28. Nxd5 {[%emt 0:00:02]} Qc5+ {[%emt 0:00:02]} 29. Kh1 {[%emt 0:00:03]} Nxd5 {[%emt 0:00:05]} 30. Qxe5+ {[%emt 0:00:05]} Kh7 {[%emt 0:00:08]} 31. Rxd5 {[%emt 0:00:04]} Rxd5 {[%emt 0:00:01]} 32. exd5 {[%emt 0:00:01]} Rd8 {[%emt 0:00:04]} 33. Rd1 {[%emt 0:00:02]} Rd7 {[%emt 0:00:02]} 34. Qf5+ {[%emt 0:00:01]} 1-0

[Event "3rd FIDE WCCC Rapid U12 2019"]
[Site "Minsk"]
[Date "2019.08.17"]
[Round "5.2"]
[White "Ponomarev, Vsevolod"]
[Black "Saveljev, Ivan"]
[Result "1-0"]
[WhiteElo "1980"]
[BlackElo "2040"]
[Annotator "NA"]
[PlyCount "91"]
[EventDate "2019.08.16"]
[EventType "swiss"]
[EventCountry "BLR"]
[SourceTitle "playchess.com"]
[Source "ChessBase"]
[SourceQuality "1"]
[TimeControl "600+5"]

1. e4 {[%emt 0:00:00]} c5 {[%emt 0:00:00]} 2. Nf3 {[%emt 0:00:00]} Nc6 {[%emt 0:00:00]} 3. d4 {[%emt 0:00:00]} cxd4 {[%emt 0:00:00]} 4. Nxd4 {[%emt 0:00:00]} Nf6 {[%emt 0:00:00]} 5. Nc3 {[%emt 0:00:00]} e5 {[%emt 0:00:00]} 6. Ndb5 {[%emt 0:00:00]} d6 {[%emt 0:00:00]} 7. Bg5 {[%emt 0:00:01]} a6 {[%emt 0:00:01]} 8. Na3 {[%emt 0:00:01]} b5 {[%emt 0:00:01]} 9. Nd5 {[%emt 0:00:01]} Be7 {[%emt 0:00:01]} 10. Bxf6 {[%emt 0:00:01]} Bxf6 {[%emt 0:00:01]} 11. c3 {[%emt 0:00:01]} O-O {[%emt 0:00:05]} 12. Nc2 {[%emt 0:00:01]} Bg5 {[%emt 0:00:09]} 13. a4 {[%emt 0:00:02]} bxa4 {[%emt 0:00:48]} 14. Rxa4 {[%emt 0:00:00]} Kh8 {[%emt 0:00:46]} 15. Qa1 {[%emt 0:01:21]} a5 {[%emt 0:03:07]} 16. Nce3 {[%emt 0:01:17]} Bd7 {[%emt 0:00:45]} 17. Nc4 {[%emt 0:00:47]} f5 {[%emt 0:01:49]} 18. Bd3 {[%emt 0:01:01]} Be6 {[%emt 0:02:00]} 19. O-O {[%emt 0:01:23]} Ne7 {[%emt 0:01:18]} 20. Nxe7 {[%emt 0:01:21]} Bxe7 {[%emt 0:00:01]} 21. Nxa5 {[%emt 0:01:09]} Qc7 {[%emt 0:00:31]} 22. exf5 {[%emt 0:00:32]} Bd7 {[%emt 0:00:07]} 23. Ra2 {[%emt 0:00:03]} d5 {[%emt 0:00:02]} 24. Nb3 {[%emt 0:00:39]} Rxa2 25. Qxa2 {[%emt 0:00:01]} e4 {[%emt 0:00:14]} 26. Be2 {[%emt 0:00:05]} Bxf5 {[%emt 0:00:05]} 27. Nd4 {[%emt 0:00:03]} Bd7 {[%emt 0:00:01]} 28. Qxd5 {[%emt 0:00:03]} Re8 {[%emt 0:00:15]} 29. h3 {[%emt 0:00:59]} Bg5 {[%emt 0:00:05]} 30. Qxg5 {[%emt 0:00:03]} Qb7 {[%emt 0:00:03]} 31. b4 {[%emt 0:00:07]} Qc7 {[%emt 0:00:00]} 32. Qc5 {[%emt 0:00:03]} Qf4 {[%emt 0:00:03]} 33. Bb5 {[%emt 0:00:17]} Rc8 {[%emt 0:00:06]} 34. Qd5 {[%emt 0:00:20]} Bxb5 {[%emt 0:00:09]} 35. Qxb5 {[%emt 0:00:10]} h6 {[%emt 0:00:07]} 36. Ne2 {[%emt 0:00:09]} Qd2 {[%emt 0:00:03]} 37. Qf5 {[%emt 0:00:17]} Re8 {[%emt 0:00:05]} 38. Ng3 {[%emt 0:00:15]} Qd3 {[%emt 0:00:07]} 39. Qg6 {[%emt 0:00:05]} Re7 {[%emt 0:00:08]} 40. Re1 {[%emt 0:00:10]} Qxc3 {[%emt 0:00:02]} 41. Rxe4 {[%emt 0:00:07]} Rxe4 {[%emt 0:00:02]} 42. Qxe4 {[%emt 0:00:02]} Qc7 {[%emt 0:00:03]} 43. b5 {[%emt 0:00:03]} Qb6 {[%emt 0:00:02]} 44. Qc6 {[%emt 0:00:02]} Qd4 {[%emt 0:00:01]} 45. b6 {[%emt 0:00:05]} Qd1+ {[%emt 0:00:02]} 46. Kh2 1-0

[Event "3rd FIDE WCCC Rapid U12 2019"]
[Site "Minsk"]
[Date "2019.08.17"]
[Round "5.3"]
[White "Sahib Singh"]
[Black "Khubukshanov, Erdem"]
[Result "0-1"]
[WhiteElo "1556"]
[BlackElo "2257"]
[Annotator "NA"]
[PlyCount "162"]
[EventDate "2019.08.16"]
[EventType "swiss"]
[EventCountry "BLR"]
[SourceTitle "playchess.com"]
[Source "ChessBase"]
[SourceQuality "1"]
[TimeControl "600+5"]

1. e4 {[%emt 0:00:00]} c5 {[%emt 0:00:00]} 2. Nf3 {[%emt 0:00:00]} Nc6 {[%emt 0:00:00]} 3. d4 {[%emt 0:00:00]} cxd4 {[%emt 0:00:00]} 4. Nxd4 {[%emt 0:00:00]} Qb6 {[%emt 0:00:00]} 5. Nb3 {[%emt 0:00:02]} Nf6 {[%emt 0:00:00]} 6. Nc3 {[%emt 0:00:01]} e6 {[%emt 0:00:00]} 7. Be3 {[%emt 0:00:01]} Qc7 {[%emt 0:00:01]} 8. a3 {[%emt 0:00:02]} Be7 {[%emt 0:00:18]} 9. Be2 {[%emt 0:00:07] B33: Sicilian: Pelikan and Sveshnikov Variations} O-O {[%emt 0:00:02]} 10. O-O {[%emt 0:00:02]} Rd8 {[%emt 0:00:32]} 11. Bf3 {[%emt 0:00:09]} (11. f4 $14) 11... Ne5 $146 {[%emt 0:00:09]} ({Predecessor:} 11... d6 12. Qd2 Ne5 13. Be2 Bd7 14. f4 Nc4 15. Qc1 Nxe3 16. Qxe3 Bc6 {0-1 (42) Gundogan,C (1816)-Bal,S (1609) Konya 2010}) 12. Bf4 {[%emt 0:00:23]} Nxf3+ {[%emt 0:00:37]} 13. Qxf3 {[%emt 0:00:02]} d6 {[%emt 0:00:01]} 14. Rad1 {[%emt 0:00:07] [#]} e5 $1 {[%emt 0:00:25]} 15. Bg5 {[%emt 0:00:42]} Bg4 {[%emt 0:00:02]} 16. Qg3 {[%emt 0:00:33]} Bxd1 {[%emt 0:00:12]} 17. Rxd1 {[%emt 0:00:01]} Kh8 {[%emt 0:01:09]} 18. Qd3 {[%emt 0:00:33]} Ng8 {[%emt 0:00:17]} 19. Nd5 {[%emt 0:00:07]} Qd7 {[%emt 0:00:01]} 20. Be3 {[%emt 0:00:14]} Nf6 {[%emt 0:00:12]} 21. Nd2 {[%emt 0:00:53]} Nxd5 {[%emt 0:00:20]} 22. Qxd5 {[%emt 0:00:02]} Bf8 {[%emt 0:00:28]} 23. Nf3 {[%emt 0:00:43]} f6 {[%emt 0:01:02]} 24. c4 {[%emt 0:00:11]} Qc6 {[%emt 0:00:11]} 25. Qd3 {[%emt 0:00:09]} Rac8 {[%emt 0:00:54]} 26. b3 {[%emt 0:00:33]} a6 {[%emt 0:00:07]} 27. a4 {[%emt 0:00:43]} Rd7 {[%emt 0:00:21]} 28. a5 {[%emt 0:00:16]} Be7 {[%emt 0:00:13]} 29. Ne1 {[%emt 0:00:37]} Bd8 {[%emt 0:00:53]} 30. Ra1 {[%emt 0:00:26] [#]} f5 $1 {[%emt 0:00:13]} 31. exf5 $19 {[%emt 0:01:35]} d5 {[%emt 0:00:01]} 32. Rd1 {[%emt 0:00:02]} d4 {[%emt 0:00:22]} 33. Bd2 {[%emt 0:00:35]} e4 {[%emt 0:00:11]} 34. Qh3 {[%emt 0:00:09]} e3 {[%emt 0:00:22]} 35. Bb4 {[%emt 0:00:53]} exf2+ {[%emt 0:01:12]} 36. Kxf2 {[%emt 0:00:03]} Bg5 {[%emt 0:00:15]} 37. Nf3 {[%emt 0:00:15]} Be3+ {[%emt 0:00:06]} 38. Kf1 {[%emt 0:00:01]} Qf6 {[%emt 0:00:49]} 39. Rd3 {[%emt 0:00:34]} Rf7 {[%emt 0:00:15]} 40. g4 {[%emt 0:00:09]} Re8 {[%emt 0:00:02]} 41. Be1 {[%emt 0:00:11]} Qc6 {[%emt 0:00:06]} 42. Kg2 {[%emt 0:00:11]} Qe4 {[%emt 0:00:11]} 43. Rxe3 {[%emt 0:00:22]} dxe3 {[%emt 0:00:16]} 44. Kg1 {[%emt 0:00:01]} Qf4 {[%emt 0:00:12]} 45. Kg2 {[%emt 0:00:18]} e2 {[%emt 0:00:10]} 46. Bg3 {[%emt 0:00:22]} Qe4 {[%emt 0:00:01]} 47. Be1 {[%emt 0:00:11]} Rd8 {[%emt 0:00:17]} 48. Kg1 {[%emt 0:00:14]} Qe3+ {[%emt 0:00:06]} 49. Kg2 {[%emt 0:00:02]} Kg8 {[%emt 0:00:09]} 50. Qh4 {[%emt 0:00:04]} Qe7 {[%emt 0:00:13]} 51. Ng5 {[%emt 0:00:05]} h6 {[%emt 0:00:07]} 52. Nxf7 {[%emt 0:00:01]} Qxh4 53. Bxh4 {[%emt 0:00:03]} Kxf7 {[%emt 0:00:03]} 54. Kf2 {[%emt 0:00:02]} Rd3 {[%emt 0:00:08]} 55. b4 {[%emt 0:00:08]} Rd4 {[%emt 0:00:08]} 56. Kxe2 {[%emt 0:00:04]} Rxg4 {[%emt 0:00:02]} 57. Bf2 {[%emt 0:00:05]} Rxc4 {[%emt 0:00:02]} 58. Bc5 {[%emt 0:00:01]} Kf6 {[%emt 0:00:04]} 59. Kf3 {[%emt 0:00:03]} Kxf5 {[%emt 0:00:02]} 60. Bf8 {[%emt 0:00:02]} g5 {[%emt 0:00:03]} 61. Bxh6 {[%emt 0:00:03]} Rxb4 {[%emt 0:00:00]} 62. Bg7 {[%emt 0:00:06]} Rb3+ {[%emt 0:00:01]} 63. Kf2 {[%emt 0:00:01]} Ra3 {[%emt 0:00:01]} 64. Bf8 {[%emt 0:00:03]} Rxa5 65. Bb4 {[%emt 0:00:01]} Rb5 {[%emt 0:00:02]} 66. Bd2 {[%emt 0:00:02]} a5 {[%emt 0:00:00]} 67. Be3 {[%emt 0:00:00]} a4 {[%emt 0:00:01]} 68. Bc1 {[%emt 0:00:01]} Rb3 {[%emt 0:00:01]} 69. Ke2 {[%emt 0:00:02]} b5 70. Kf2 {[%emt 0:00:02]} b4 {[%emt 0:00:03]} 71. Kg2 {[%emt 0:00:02]} a3 {[%emt 0:00:00]} 72. h3 {[%emt 0:00:01]} a2 {[%emt 0:00:01]} 73. Bd2 {[%emt 0:00:05]} a1=Q {[%emt 0:00:04]} 74. Kf2 {[%emt 0:00:02]} Rb2 {[%emt 0:00:01]} 75. Ke3 {[%emt 0:00:02]} Qa7+ {[%emt 0:00:02]} 76. Kd3 {[%emt 0:00:01]} Qd7+ {[%emt 0:00:01]} 77. Kc4 {[%emt 0:00:01]} Qxd2 {[%emt 0:00:01]} 78. Kb5 {[%emt 0:00:01]} Qd5+ {[%emt 0:00:01]} 79. Ka4 {[%emt 0:00:01]} Ra2+ {[%emt 0:00:03]} 80. Kxb4 {[%emt 0:00:01]} Rb2+ {[%emt 0:00:02]} 81. Ka4 {[%emt 0:00:01]} Qa8# {[%emt 0:00:01]} 0-1

[Event "3rd FIDE WCCC Rapid U12 2019"]
[Site "Minsk"]
[Date "2019.08.17"]
[Round "5.4"]
[White "Chyndygyr, Tamerlan"]
[Black "Israfilov, Ali"]
[Result "1-0"]
[WhiteElo "1984"]
[BlackElo "1857"]
[Annotator "NA"]
[PlyCount "77"]
[EventDate "2019.08.16"]
[EventType "swiss"]
[EventCountry "BLR"]
[SourceTitle "playchess.com"]
[Source "ChessBase"]
[SourceQuality "1"]
[TimeControl "600+5"]

1. d4 {[%emt 0:00:00]} d6 {[%emt 0:00:00]} 2. c4 {[%emt 0:00:00]} c6 {[%emt 0:00:00]} 3. Nc3 {[%emt 0:00:01]} Nd7 {[%emt 0:00:00]} 4. Nf3 {[%emt 0:00:03]} h6 {[%emt 0:00:00]} 5. g3 {[%emt 0:00:05]} g5 {[%emt 0:00:01]} 6. Bg2 {[%emt 0:00:01]} Bg7 {[%emt 0:00:01]} 7. O-O {[%emt 0:00:04]} Qa5 {[%emt 0:00:03]} 8. e4 {[%emt 0:00:20]} g4 {[%emt 0:00:02]} 9. Nh4 {[%emt 0:00:05]} Nf8 10. Be3 {[%emt 0:00:34]} Bf6 {[%emt 0:01:00]} 11. Nf5 {[%emt 0:00:58]} Bxf5 12. exf5 {[%emt 0:00:02]} Qxf5 {[%emt 0:00:20]} 13. b4 {[%emt 0:00:14]} h5 {[%emt 0:00:28]} 14. Be4 {[%emt 0:00:07]} Qd7 {[%emt 0:00:04]} 15. Qc2 {[%emt 0:00:13]} h4 {[%emt 0:00:06]} 16. Bf5 {[%emt 0:00:01]} Qc7 {[%emt 0:01:02]} 17. Bxg4 {[%emt 0:00:02]} hxg3 {[%emt 0:00:01]} 18. hxg3 {[%emt 0:00:03]} Nh6 {[%emt 0:00:36]} 19. Bh3 {[%emt 0:00:43]} Ng6 {[%emt 0:01:17]} 20. Kg2 {[%emt 0:00:11]} Kf8 {[%emt 0:00:32]} 21. Rh1 {[%emt 0:00:11]} e5 {[%emt 0:01:52]} 22. Ne4 {[%emt 0:00:18]} Bg7 {[%emt 0:01:05]} 23. Rad1 {[%emt 0:00:09]} exd4 {[%emt 0:01:15]} 24. Bxd4 {[%emt 0:00:03]} Bxd4 {[%emt 0:00:56]} 25. Rxd4 {[%emt 0:00:02]} Rg8 {[%emt 0:00:33]} 26. Nf6 {[%emt 0:00:16]} Rg7 {[%emt 0:00:17]} 27. Qd2 {[%emt 0:00:07]} Ng8 {[%emt 0:00:24]} 28. Nd7+ {[%emt 0:00:30]} Ke8 {[%emt 0:00:01]} 29. Re1+ {[%emt 0:00:01]} N8e7 {[%emt 0:00:03]} 30. Qh6 {[%emt 0:00:12]} Rg8 {[%emt 0:00:21]} 31. Nf6+ {[%emt 0:00:08]} Kd8 {[%emt 0:00:00]} 32. Nxg8 {[%emt 0:00:09]} Nxg8 {[%emt 0:00:01]} 33. Qg5+ {[%emt 0:00:02]} N8e7 {[%emt 0:00:07]} 34. Bf5 {[%emt 0:00:02]} c5 {[%emt 0:00:05]} 35. Rde4 {[%emt 0:00:08]} Ne5 {[%emt 0:00:09]} 36. Qf6 {[%emt 0:00:44]} Qc6 {[%emt 0:00:09]} 37. b5 {[%emt 0:00:09]} Qe8 {[%emt 0:00:03]} 38. Rxe5 {[%emt 0:00:08]} dxe5 {[%emt 0:00:03]} 39. Rd1+ {[%emt 0:00:01]} 1-0